000 00763nam a22002297a 4500
005 20170124110201.0
010 _aA-939766
020 _a8120313607
_c195.00
035 _aA-939766
037 _bCen Lib/Ret
040 _aDPL
_bEN
082 _a005.13
_bWIL
100 _aWilson, Gregory V.
_936019
245 _aPractical parallel programming /
_cby Gregory V. Wilson
260 _aNew Delhi
_bPrentice Hall of India
_c1995
270 _aM-97, connaught circus
_bNew Delhi
_e110001
300 _aviii, 564p.
_c23cm(Hb)
500 _aIncludes appendix, bibliographical references and index
650 _aParallel programming (Computer science)
_972616
650 _aProgrammation parallèle
_972617
942 _2ddc
_cEN
_h005.13
_mWIL
999 _c132878
_d132878